000 00434nam a22001697a 4500
005 20180327111522.0
008 160611b xxu||||| |||| 00| 0 eng d
020 _a978-0-07-022164-2
041 _aeng
082 _b6969
_a338.88
100 _aAswathappa, K
_94239
245 _aInternational Business
260 _aNEW DELHI
_bTATA MCGRAW HILL PUBLISHING COMPANY LTD.
300 _a669
650 _aManagement
_9241
942 _cBK
999 _c2424
_d2423